| 000 | 01141nam a2200121Ia 4500 | ||
|---|---|---|---|
| 008 | 220620s9999||||xx |||||||||||||| ||und|| | ||
| 100 | _aRequena, Guillermo | ||
| 245 | 0 | _aThermo-Mechanical Behaviour of Structural Lightweight Alloys | |
| 546 | _aEnglish[eng] | ||
| 650 | _an/a||microstructure||strength||X-ray diffraction||7003 alloy||in situ synchrotron radiation diffraction||3D microstructure||materials modelling||zinc addition||tensile test||connectivity||DSC||in-situ tensile deformation||wire fabrication||magnesium alloys||welding||alloying||AlMgSi alloy||LPSO-phase||mechanical properties||Mg-Nd-Zn alloys||thermomechanical treatment||Cast Al-Si alloys||EN AW-6082||3D characterization||damage||dislocations||dynamic recrystallization||powder metallurgy||aluminum welding||recovery||corrosion resistance||recrystallisation||numerical simulation||second phases||digital image correlation||ECAP||aluminum nanocomposites||deformation behaviour||thermo-mechanical analysis||neodymium||aluminium alloy||TIG fillers||electrical conductivity||TEM||synchrotron tomography | ||
| 856 | _uhttps://mdpi.com/books/pdfview/book/1564 | ||
| 942 | _cEB | ||
| 999 |
_c27452 _d27452 |
||